000 00276nam a2200109Ia 4500
008 200302s9999 xx 000 0 und d
100 _aAuthor
245 _aUnit 2 Our Conversation With Things and Places
260 _bThe Open University Press
260 _c1976
300 _a96 P.,
999 _c526
_d526